Shakespeare or the Bible? - Statistics

General Stats
  • This quiz has been taken 861 times
  • The average score is 11 of 15
Answer Stats
Question Answer % Correct
"For God’s sake, let us sit upon the ground and tell sad stories of the death of kings. How some have been deposed, some slain in war. Some haunted by the ghosts they have deposed. Some poisoned by their wives: some sleeping killed, all murdered." Shakespeare
91%
"Two are better than one; because they have a good reward for their labour. For if they fall, the one will lift up his fellow: but woe to him that is alone when he falleth; for he hath not another to help him up." The Bible
88%
"O, thou hast damnable iteration, and art indeed able to corrupt a saint. Thou hast done much harm upon me, God forgive thee for it. Before I knew thee, I knew nothing, and now am I, if a man should speak truly, little better than one of the wicked. I must give over this life, and I will give it over. By the Lord, and I do not, I am a villain." Shakespeare
84%
"Fears and scruples shake us. In the great hand of God I stand; and thence against the undivulged pretence I fight of treasonous malice." Shakespeare
82%
"There is one alone, and there is not a second; yea, he hath neither child nor brother: yet is there no end of all his labour; neither is his eye satisfied with riches; neither saith he, For whom do I labour, and bereave my soul of good? This is also vanity, yea, it is a sore travail." The Bible
80%
"Lift ye up a banner upon the high mountain, exalt the voice unto them, shake the hand, that they may go into the gates of the nobles." The Bible
80%
"Fast ye for me, and neither eat nor drink three days, night or day: I also and my maidens will fast likewise; and so will I go in unto the king, which is not according to the law: and if I perish, I perish." The Bible
75%
"This above all: to thine own self be true. And it must follow, as the night the day. Thou canst not then be false to any man. Farewell, my blessing season this in thee!" Shakespeare
72%
"God has given you one face, and you make yourselves another. You jig, you amble, and you lisp, and nick-name God's creatures, and make your wantonness your ignorance." Shakespeare
72%
"When a wise man gives thee better counsel, give me mine again: I would have none but knaves follow it, since a fool gives it.: Shakespeare
71%
"Whatever your hand finds to do, do it with all your might, for in the realm of the dead, where you are going, there is neither working nor planning nor knowledge nor wisdom." The Bible
69%
"Death and life are in the power of the tongue: and they that love it shall eat the fruit thereof." The Bible
69%
"What is a man, if his chief good and market of his time be but to sleep and feed? A beast, no more." Shakespeare
66%
"I do profess to be no less than I seem; to serve him truly that will put me in trust: to love him that is honest; to converse with him that is wise, and says little, to fear judgment; to fight when I cannot choose." Shakespeare
52%
"Honour all men. Love the brotherhood. Fear God. Honour the king." The Bible
33%
No matching quizzes found
Score Distribution
Percent of People with Each Score
Percentile by Number Answered
Your Score History
You have not taken this quiz